000 00905nam a22002297a 4500
005 20240530110604.0
008 161026s2015 ua a g 000 0dara d
017 _a2014/26190
_bمصر. دار الكتب
020 _a9777800051
040 _aEG-CaGPL
_cEG-CaGPL
082 0 4 _221
_a370.15 \
_bا ع
100 0 _aالسيد عبدالحميد سليمان
245 1 0 _aعلاج صعوبة الادراك فى الفراغ /
_cالسيد عبدالحميد سليمان
250 _aط. 1
260 _aالقاهرة :
_bعالم الكتب ،
_c2015 .
300 _a264 ص. :
_bرسومات توضيحية ؛
_c24 سم.
490 0 _aبرنامج تدريبى لعلاج الصعوبات النمائية فى الحساب
650 0 7 _2qrmak
_aعلم النفس التربوى
650 0 7 _2qrmak
_aالحساب
_xتعليم
942 _2ddc
_cBK
999 _c62715
_d62715